000 00351nam a2200133Ia 4500
005 20260328104331.0
008 260328s9999||||xx |||||||||||||| ||und||
100 _aGriffini, Enrico A.
245 0 _aCostruzione Razionale della Casa :
_b I Parte /
_cEnrico A. Griffini
260 _bMilano
300 _a295 p.
650 _aCONSTRUCCIÓN
942 _cBK
999 _c11708
_d11708